[Event "Aragon-chT Honor Gr I"]
[Site "Aragon"]
[Date "2022.02.12"]
[Round "3.30"]
[White "Lopez Guaita, Fernando"]
[Black "Felez Casedas, Carlos"]
[Result "1/2-1/2"]
[WhiteElo "1828"]
[BlackElo "1947"]
[PlyCount "81"]
[EventDate "2022.01.29"]
[EventType "team-tourn"]
[EventRounds "7"]
[EventCountry "ESP"]
[SourceTitle "EXT 2024"]
[Source "ChessBase"]
[SourceDate "2023.10.10"]
[SourceVersion "1"]
[SourceVersionDate "2023.10.10"]
[SourceQuality "1"]
[WhiteTeam "Utebo San Lamberto"]
[BlackTeam "La Aurora Estadilla"]
[WhiteTeamCountry "ESP"]
[BlackTeamCountry "ESP"]

1. e4 e5 2. Nf3 Nf6 3. Nc3 Nc6 4. Bb5 d6 5. d4 exd4 6. Nxd4 Bd7 7. Bxc6 bxc6 8. 0-0 Be7 9. b3 0-0 10. Bb2 Rb8 11. Qd3 c5 12. Nde2 Bc6 13. Rad1 Re8 14. Nf4 Rb4 15. f3 Rd4 16. Qa6 Qa8 17. Rxd4 cxd4 18. Nce2 Bb7 19. Qd3 c5 20. c3 dxc3 21. Nxc3 Bf8 22. Rd1 a6 23. Nfd5 Bxd5 24. Nxd5 Nxd5 25. Qxd5 Qxd5 26. Rxd5 f6 27. Bc3 Kf7 28. Kf2 Ke6 29. Ke3 g6 30. g4 Be7 31. b4 cxb4 32. Bxb4 Rb8 33. a3 Rb5 34. Kd4 Rxd5+ 35. exd5+ Kd7 36. Ba5 f5 37. gxf5 gxf5 38. Ke3 Bg5+ 39. Kd4 Bf4 40. h3 Kc8 41. Kc4 1/2-1/2

[Event "Aragon-chT Honor Gr I"]
[Site "Aragon"]
[Date "2022.02.05"]
[Round "2.25"]
[White "Lopez Guaita, Fernando"]
[Black "Del Rey, Diego"]
[Result "0-1"]
[WhiteElo "1828"]
[BlackElo "2370"]
[PlyCount "40"]
[EventDate "2022.01.29"]
[EventType "team-tourn"]
[EventRounds "7"]
[EventCountry "ESP"]
[SourceTitle "EXT 2024"]
[Source "ChessBase"]
[SourceDate "2023.10.10"]
[SourceVersion "1"]
[SourceVersionDate "2023.10.10"]
[SourceQuality "1"]
[WhiteTeam "Utebo San Lamberto"]
[BlackTeam "El Olivar"]
[WhiteTeamCountry "ESP"]
[BlackTeamCountry "ESP"]

1. e4 c5 2. Nc3 e6 3. Bc4 Nc6 4. d3 Nf6 5. Bg5 h6 6. Bh4 Be7 7. Bxf6 Bxf6 8. a4 d5 9. exd5 Bxc3+ 10. bxc3 exd5 11. Bb5 Qf6 12. Qd2 0-0 13. Bxc6 Qxc6 14. Ne2 Bg4 15. 0-0 Rfe8 16. f3 Bd7 17. a5 Re7 18. Nf4 Qd6 19. Rfd1 Rae8 20. Re1 Rxe1+ 0-1

[Event "Figueres op-A 16th"]
[Site "Figueres"]
[Date "2015.08.11"]
[Round "1"]
[White "Alarcon Casellas, Rolando"]
[Black "Lopez Guaita, Fernando"]
[Result "1-0"]
[WhiteElo "2391"]
[BlackElo "2020"]
[PlyCount "75"]
[EventDate "2015.08.11"]
[EventType "swiss"]
[EventRounds "9"]
[EventCountry "ESP"]
[SourceTitle "EXT 2016"]
[Source "ChessBase"]
[SourceDate "2015.10.08"]
[SourceVersion "1"]
[SourceVersionDate "2015.10.08"]
[SourceQuality "1"]

1. d4 d5 2. Nf3 Nf6 3. c4 c6 4. Nbd2 Bf5 5. Nh4 Bg6 6. Qb3 Qb6 7. Qh3 Nbd7 8. Nxg6 fxg6 9. e3 0-0-0 10. c5 Qc7 11. f4 e6 12. Bd3 Be7 13. 0-0 Kb8 14. b4 h5 15. Qxe6 Nf8 16. Qe5 Re8 17. Qxc7+ Kxc7 18. Nf3 Ne4 19. Bxe4 dxe4 20. Ne5 Bf6 21. Bd2 Bxe5 22. fxe5 Ne6 23. Rf7+ Kc8 24. Raf1 h4 25. h3 g5 26. a4 g4 27. hxg4 h3 28. Be1 hxg2 29. Kxg2 Ng5 30. Rxg7 Nf3 31. Bg3 Rhg8 32. Rxg8 Rxg8 33. Rh1 Rxg4 34. Rh8+ Kc7 35. Rh7+ Kc8 36. e6 Rg8 37. Rc7+ Kd8 38. e7+ 1-0

[Event "Zaragoza Artistica op"]
[Site "Zaragoza"]
[Date "2013.05.11"]
[Round "7"]
[White "Lopez Guaita, Fernando"]
[Black "Roldan Marques, Daniel"]
[Result "1/2-1/2"]
[WhiteElo "2027"]
[BlackElo "1613"]
[PlyCount "49"]
[EventDate "2013.04.13"]
[EventType "swiss"]
[EventRounds "9"]
[EventCountry "ESP"]
[SourceTitle "CBM 154 Extra"]
[Source "ChessBase"]
[SourceDate "2013.06.25"]
[SourceVersion "2"]
[SourceVersionDate "2013.06.25"]
[SourceQuality "1"]

1. e4 e5 2. Nf3 Nc6 3. Bb5 Nf6 4. 0-0 Nxe4 5. Re1 Nd6 6. Nxe5 Nxe5 7. Rxe5+ Be7 8. Ba4 0-0 9. d4 Nc4 10. Re1 Bf6 11. c3 d5 12. Nd2 Nxd2 13. Bxd2 Bf5 14. Bf4 c6 15. Bc2 Bxc2 16. Qxc2 Re8 17. Qd2 Qd7 18. Bg5 Bxg5 19. Qxg5 Re6 20. Rxe6 Qxe6 21. Kf1 h6 22. Qd2 Re8 23. Re1 Qxe1+ 24. Qxe1 Rxe1+ 25. Kxe1 1/2-1/2

[Event "Aragon-chT Preferente Descenso"]
[Site "Aragon"]
[Date "2013.04.06"]
[Round "10.41"]
[White "Soriano Ascaso, Ignacio"]
[Black "Lopez Guaita, Fernando"]
[Result "1-0"]
[WhiteElo "2131"]
[BlackElo "2027"]
[PlyCount "132"]
[EventDate "2013.01.26"]
[EventType "team-tourn"]
[EventRounds "10"]
[EventCountry "ESP"]
[SourceTitle "EXT 2014"]
[Source "ChessBase"]
[SourceDate "2013.11.20"]
[SourceVersion "1"]
[SourceVersionDate "2013.11.20"]
[SourceQuality "1"]
[WhiteTeam "Sabinanigo"]
[BlackTeam "Aragon ONCE II"]
[WhiteTeamCountry "ESP"]
[BlackTeamCountry "ESP"]

1. b4 e5 2. Bb2 d6 3. e3 Nf6 4. c4 Be7 5. d4 0-0 6. Nf3 e4 7. Nfd2 d5 8. a3 c6 9. Nc3 Be6 10. Be2 Ne8 11. Nb3 b6 12. c5 f5 13. g3 Nf6 14. Qc2 Ng4 15. h3 Nf6 16. a4 Nbd7 17. a5 b5 18. 0-0-0 a6 19. Rdg1 Ra7 20. Bd1 g6 21. Ne2 Qe8 22. Nf4 Bd8 23. g4 fxg4 24. hxg4 Qf7 25. Kb1 Ne8 26. Rg2 Bg5 27. Bc1 Bd8 28. Bd2 Ndf6 29. Be2 g5 30. Nh5 Qg6 31. Qd1 Nxh5 32. gxh5 Qg7 33. Nc1 h6 34. Kb2 Raf7 35. Qg1 Kh7 36. Be1 Rf5 37. Nb3 R5f7 38. Nd2 Rf5 39. Bd1 Qd7 40. Bc2 Kh8 41. Nf1 R5f6 42. Nh2 Bc7 43. Ng4 Bxg4 44. Rxg4 R6f7 45. Bd1 Nf6 46. Rg2 Qf5 47. Bd2 Qe6 48. Be1 Qf5 49. Bd2 Qe6 50. Kc3 Qf5 51. Be1 Qe6 52. Qf1 Qf5 53. Qe2 Qe6 54. Kb2 Qf5 55. Rgg1 Qe6 56. Bc2 Qd7 57. Bb1 Nh7 58. Bc2 Nf6 59. Bd1 Nh7 60. Rf1 Qe6 61. Qg4 Qxg4 62. Bxg4 Nf6 63. Bf5 Kg7 64. Bg6 Re7 65. Rhg1 Ng8 66. f4 Rd7 1-0